Дела Секретариата Президиума ЦИК Союза ССР за 1935 год

RUSMARC
00003652nmc2a22002413x 450
001b2b03070-aa26-4135-b154-6f52ec7c8bcd
00520250804091648.0
100##$a20250619l1935 k y0rusy50 ca
1010#$arus
102##$aRU
2001#$aДела Секретариата Президиума ЦИК Союза ССР за 1935 год
$j1935
215##$a1089 ед. хр.
251##$cОпись
330##$aОпись содержит документы Секретариата Президиума ЦИК СССР за 1935 г.: распоряжения по Секретариату Президиума ЦИК СССР, протоколы и стенограммы Комиссий ЦИК СССР, дела с материалами к постановлениям Президиума ЦИК СССР и др.
461#0$1001RuPRLIB520124725
$12001
$aЦЕНТРАЛЬНЫЙ ИСПОЛНИТЕЛЬНЫЙ КОМИТЕТ СССР (ЦИК СССР).
$vОп. 28
$1251
$cФонд
$1852
$gР
$j3316
60102$3RU\NLR\AUTH\880398220
$aСССР
$bЦентральный исполнительный комитет
$bПрезидиум
605##$3DITM\AF\0000002775
$aВласть
$bколлекция
$bacquisition_prlib
6101#$aЦИК
$aПрезидиум
$aСекретариат
686##$a63.3(2)61-332я26
$cИстория
$2rubbk
686##$a67.400.6я26
$cПраво
$2rubbk
801#0$aRU
$bGA_RF
801#1$aRU
$bГлавНИВЦ
$c20250619
$2rusmarc
801#2$aRU
$bПБ им. Б.Н. Ельцина
$c20250804
$gRCR
$2rusmarc
852##$aГА РФ
$j28
937##$d197724320
$hГАРФ
035##$aRuPRLIB520125317
856##$uhttp://readingroom.main.prlib.ru/item.aspx?id_node=n197724320&mode=full
Фонд ЦЕНТРАЛЬНЫЙ ИСПОЛНИТЕЛЬНЫЙ КОМИТЕТ СССР (ЦИК СССР).
Формат отображения